Entry Nombre personal
001 - NÚMERO DE CONTROL
- campo de control: 90808
003 - IDENTIFICADOR DE NÚMERO DE CONTROL
- campo de control: SpMaBN
005 - FECHA Y HORA DE LA ÚLTIMA TRANSACCIÓN
- campo de control: 20231214135707.0
008 - ELEMENTOS DE DATO DE LONGITUD-FIJA
- campo de control de longitud fija: 901120nn aijnnaabn a aaa ||
016 ## - NÚMERO DE CONTROL DE UNA AGENCIA BIBLIOGRÁFICA NACIONAL
- Número de control del registro: BNE19900121587
024 7# - IDENTIFICADOR DE OTROS ESTÁNDARES
- Número estándar o código: http://viaf.org/viaf/25846147/
- Fuente: viaf
024 7# - IDENTIFICADOR DE OTROS ESTÁNDARES
- Número estándar o código: https://isni.org/isni/0000000059200470
- Fuente: isni
024 7# - IDENTIFICADOR DE OTROS ESTÁNDARES
- Número estándar o código: http://www.wikidata.org/entity/Q5796368
- Fuente: wikidata
040 ## - FUENTE DE CATALOGACIÓN
- Centro catalogador/agencia de origen: SpMaBN
- Lengua de catalogación: spa
- Centro/agencia transcriptor: SpMaBN
- Normas de descripción: rdc
- Convención/Normas de encabezamiento de materia/tesauro: embne
046 ## - FECHAS CON CODIFICACIÓN ESPECIAL
- Fecha de nacimiento: 1940
100 1# - ENCABEZAMIENTO-NOMBRE DE PERSONA
- Nombre de persona: Pérez de Tudela, César,
- Fechas asociadas al nombre: 1940-
375 ## - GÉNERO/SEXO
- Género: Masculino
377 ## - IDIOMA ASOCIADO
- Código del idioma: spa
- Término de lengua/lenguaje: Español
400 1# - TRAZADO DE VÉASE--NOMBRE DE PERSONA
- Nombre de persona: Pérez de Tudela, C.,
- Fechas asociadas al nombre: 1940-
400 1# - TRAZADO DE VÉASE--NOMBRE DE PERSONA
- Nombre de persona: Pérez de Tudela, César A.,
- Fechas asociadas al nombre: 1940-
400 1# - TRAZADO DE VÉASE--NOMBRE DE PERSONA
- Nombre de persona: Pérez de Tudela, César Augusto,
- Fechas asociadas al nombre: 1940-
400 1# - TRAZADO DE VÉASE--NOMBRE DE PERSONA
- Nombre de persona: Pérez de Tudela y Pérez, César,
- Fechas asociadas al nombre: 1940-
670 ## - FUENTE DE DATOS ENCONTRADOS
- Cita de la fuente: Patagonia, tierra de gigantes, 2010
- Información encontrada: port. (César Pérez de Tudela)
670 ## - FUENTE DE DATOS ENCONTRADOS
- Cita de la fuente: Los peligros de la montaña, 1982
- Información encontrada: port. (C. Pérez de Tudela)
670 ## - FUENTE DE DATOS ENCONTRADOS
- Cita de la fuente: Guía de escalada en roca, 1978
- Información encontrada: port. (César A. Pérez de Tudela)
670 ## - FUENTE DE DATOS ENCONTRADOS
- Cita de la fuente: WWW Cimas de papel, 29-5-2013
- Información encontrada: (César Augusto Pérez de Tudela; n. 1940; alpinista madrileño)
